K problémom rozvoja malého a stredného podnikania na Slovensku

Slabá kapitálová sila malých a stredných podnikov na Slovensku. Problematika možnosti čerpania finančných zdrojov zo štrukturálnych fondov EÚ. Pomoc pri vypracovaní projektu so strany štátu. Pomoc zo štátneho rozpočtu. Pomoc Európskej únie pri regionálnom rozvoji.

Gespeichert in:
Bibliographische Detailangaben
1. Verfasser: Majková, Monika
Format: Buchkapitel
Sprache:Slowakisch
Schlagworte:
Tags: Tag hinzufügen
Keine Tags, Fügen Sie das erste Tag hinzu!

MARC

LEADER 00000naa$a2200000$$$4500
001 0083491
005 20240502071934.6
041 0 |a slo 
044 |a SK 
245 1 0 |a K problémom rozvoja malého a stredného podnikania na Slovensku  |c Monika Majková 
520 |a Slabá kapitálová sila malých a stredných podnikov na Slovensku. Problematika možnosti čerpania finančných zdrojov zo štrukturálnych fondov EÚ. Pomoc pri vypracovaní projektu so strany štátu. Pomoc zo štátneho rozpočtu. Pomoc Európskej únie pri regionálnom rozvoji. 
610 2 0 |a podnikanie malé 
610 2 0 |a podnikanie stredné 
610 2 0 |a financovanie 
610 2 0 |a zdroje finančné 
610 2 0 |a fondy štruktúrne 
610 2 0 |a rozvoj regionálny 
610 2 0 |a Európska únia 
610 2 0 |a Slovensko 
100 1 |a Majková, Monika